Science Quiz

Random Science or Math Quiz

Interior Angles of a Polygon Quiz Stats

 Plays Quiz Updated Mar 17, 2020

Support Sporcle.
Go Orange.
Score 0/9 Timer 02:00
0 Plays Today
Polygon Degrees % Correct
square90
98.7%
equilateral triangle60
93.7%
pentagon108
49.7%
hexagon120
38.3%
nonagon140
35.8%
octagon135
33.3%
decagon144
30.8%
dodecagon150
30.8%
icosagon162
18.6%

You're not logged in!

Compare scores with friends on all Sporcle quizzes.
OR
Log In

From the Vault

7-Letter Countries

by Ben

In our ongoing efforts to help you with your daily crossword puzzle, we offer Seven Letter Countries.
Remove Ads.
Support Sporcle.
Get the best of Sporcle when you Go Orange. This ad-free experience offers more features, more stats, and more fun while also helping to support Sporcle. Thank you for becoming a member.

Show Comments

Extras

Top Quizzes Today


Score Distribution

Your Account Isn't Verified!

In order to create a playlist on Sporcle, you need to verify the email address you used during registration. Go to your Sporcle Settings to finish the process.

Report this User

Report this user for behavior that violates our Community Guidelines.

Details: